000 00867cpcaa2200253 a 4500
001 mm 79004862
003 DLC
005 20260227111648.0
008 791120|||||||||||| eng
010 _amm 79004862
040 _aDLC
_cDLC
_edacs
_dDLC
072 7 _aL
_2lcmd
100 1 _aSimons, Edward F.
245 0 0 _aLife of Abraham Lincoln :
_kmanuscript poem,
_fcirca 1932.
300 _a1
_fitem.
506 0 _aOpen to research.
520 8 _aPoem concerning Abraham Lincoln.
545 0 _aResident of Utica, N.Y.
546 _aCollection material in English.
580 _aForms part of: Miscellaneous Manuscripts collection.
600 1 0 _aLincoln, Abraham, 1809-1865
_vPoetry.
999 _c41670
_d41670